000 00405pam a2200157a 44500
008 230515b1999 xxu||||| |||| 00| 0 eng d
020 _a0-205-27705-5
041 _aENGL
082 _aNULL
100 _a"DUBOIS BRENDA.,MILEY K. K.,"
245 _aSOCIAL WORK
250 _a0
260 _aBOSTON
_bALLYN & BACON
_c1999
300 _aXVII+535
650 _a"SOCIAL PROBLEM & SOCIAL WELFARE,SOCIAL WORK"
999 _c539713
_d539713